00593 2200205 4500001002100000005001500021035002000036007000300056008004100059020002200100082000800122084001400130100003300144245009700177260004500274300001700319650001400336856002100350990001600371INLIS00000000000815420260205091749 a0010-0126000151ta260205 0 ind  a978-602-06-7474-2 a658 a658 PAN i0 aPande Putu Oka Kusumawardani1 aInovasi Kebijakan dan Evaluasi Insentif Perpajakan Indonesia /cPande Putu Oka Kusumawardani aJakarta :bGRAMEDIA PUSTAKA UTAMA,c2023 a340 ;c24cm. 4amanajemen aALUMNI MANAJEMEN a00000013747